Harmonic analysis and operator theory : a conference in honor of Mischa Cotlar, January 3-8, 1994, Caracas, Venezuela
Αποθηκεύτηκε σε:
| Άλλοι συγγραφείς: | |
|---|---|
| Μορφή: | Βιβλίο |
| Γλώσσα: | English |
| Δημοσίευση: |
Providence, R.I. :
American Mathematical Society,
c1995
|
| Σειρά: | Contemporary mathematics (American Mathematical Society) ;
; 189 |
| Θέματα: | |
| Ετικέτες: |
Προσθήκη ετικέτας
Δεν υπάρχουν, Καταχωρήστε ετικέτα πρώτοι!
|
MARC
| LEADER | 00000nam a2200000 i 4500 | ||
|---|---|---|---|
| 001 | 1/90262 | ||
| 008 | 990922s1995 eng d | ||
| 020 | |a 0-8218-0304-2 | ||
| 035 | |l 10053032 | ||
| 040 | |a GR-MY-UA |b gre |e aacr | ||
| 041 | 0 | |a eng | |
| 082 | 0 | |a 515.724 | |
| 245 | 1 | 0 | |a Harmonic analysis and operator theory : |b a conference in honor of Mischa Cotlar, January 3-8, 1994, Caracas, Venezuela / |c S.A.M. Marcantognini ... [et al.]. |
| 260 | |a Providence, R.I. : |b American Mathematical Society, |c c1995 | ||
| 300 | |a xi, 511 p.; |b ill.; |c 26 cm. | ||
| 490 | 1 | |a Contemporary mathematics |v ; 189 | |
| 500 | |a Includes bibliographical references | ||
| 650 | 0 | 0 | |a Harmonic analysis |x Congresses. |
| 650 | 0 | 0 | |a Operator theory |x Congresses. |
| 700 | 1 | |a Cotlar, Mischa. |4 hnr | |
| 700 | 1 | |a Marcantognini, S. A. M. |q (Stefania A. M.) |d 1960- |4 edt | |
| 830 | 0 | |a Contemporary mathematics (American Mathematical Society) ; |v ; 189 | |
| 852 | |a INST |b SAMOS |e 19990922 |h 515.724 HAR |p 005300012320 |q 005300012320 |t BK |y 0 | ||
| 901 | |a BIBL3-1999-3 | ||
| 909 | |a Σ |b 067167 | ||
| 922 | |a 3ΕΛΗ |b 199907 |c ΕΠΕΑΕΚ/ΜΑΘ |d ΠΑΠΑΣΩΤΗΡΙΟΥ | ||
| 970 | |a ΠΟΥΡΝΑΡΑΣ |b ΔΗΜΗΤΡΗΣ |z 1999/09/22 | ||